000 00274nam a22001337a 4500
008 171123b xxu||||| |||| 00| 0 eng d
020 _a9780495557920
041 _aeng
080 _a573
100 _a11
101 _aBIO
245 _aBIOLOGY
_cSTARR,C
942 _2udc
_cBK
999 _c38319
_d38319